LEADER 01852nam 2200433z- 450 001 9910346940903321 005 20210211 010 $a1000006636 035 $a(CKB)4920000000101113 035 $a(oapen)https://directory.doabooks.org/handle/20.500.12854/53754 035 $a(oapen)doab53754 035 $a(EXLCZ)994920000000101113 100 $a20202102d2007 |y 0 101 0 $ager 135 $aurmn|---annan 181 $ctxt$2rdacontent 182 $cc$2rdamedia 183 $acr$2rdacarrier 200 00$aModellsimulationen zur Stro?mungsversta?rkung von orographischen Grundstrukturen bei Sturmsituationen 210 $cKIT Scientific Publishing$d2007 215 $a1 online resource (VI, 173 p. p.) 225 1 $aWissenschaftliche Berichte des Instituts für Meteorologie und Klimaforschung der Universität Karlsruhe (TH) 311 08$a3-86644-140-1 330 $aIn dieser Arbeit wird der Einfluss orographischer Gela?ndestrukturen hinsichtlich ihrer windversta?rkenden Wirkung untersucht. Dies erfolgt mit Hilfe des mesoskaligen meteorologischen Modells KAMM2, welches atmospha?rische Stro?mungen numerisch berechnet. Die Ergebnisse zeigen Regionen mit erho?hten Windgeschwindigkeiten fu?r idealisierte orographische Strukturen sowie fu?r komplexes Gela?nde auf. 606 $aPhysics$2bicssc 610 $aModellierung 610 $aNumerisches Modell 610 $aOrographie 610 $aorographisch bedingte Stro?mungsversta?rkung 610 $aSturm 610 $aSturmgefa?hrdung 610 $aUmweltaerodynamik 610 $aWind 615 7$aPhysics 700 $aLux$b Ralph$4auth$01307604 906 $aBOOK 912 $a9910346940903321 996 $aModellsimulationen zur Strömungsverstärkung von orographischen Grundstrukturen bei Sturmsituationen$93028843 997 $aUNINA